000 00511nmm a2200169Ia 4500
008 251105s9999||||xx |||||||||||||||||und||
020 _a9788417813055
041 _aspa
100 _aRodríguez Rodríguez, Ezequiel
245 0 _aKémklist de Merciandor
264 _a[Madrid, España] :
_bLantia,
_c[Fecha de publicación no identificada]
300 _a0 páginas
490 _aCaligrama
650 _aScience fiction & Fantasy
856 _uhttps://public.digitaliapublishing.com/a/122271
942 _cCF
999 _c79107
_d79107